[Event "70th ch-RUS 2017"]
[Site "St Petersburg RUS"]
[Date "2017.12.11"]
[Round "8.5"]
[White "Fedoseev, Vladimir3"]
[Black "Dubov, Daniil"]
[Result "1/2-1/2"]
[WhiteTitle "GM"]
[BlackTitle "GM"]
[WhiteElo "2718"]
[BlackElo "2683"]
[WhiteFideId "24130737"]
[BlackFideId "24126055"]
[EventDate "2017.12.03"]

1. d4 Nf6 2. c4 g6 3. Nc3 d5 4. Bg5 c5 5. Nf3 dxc4 6. e4 Bg7 7. d5 b5 8. d6 Bb7
9. e5 Ne4 10. Nxe4 Bxe4 11. a4 Qd7 12. dxe7 Qxd1+ 13. Rxd1 Nd7 14. axb5 h6 15.
Be3 Bc2 16. Rc1 Ba4 17. Bxc4 Rb8 18. Ra1 Bxb5 19. Bxb5 Rxb5 20. Rxa7 Kxe7 21.
O-O Ke6 22. Bd4 Rhb8 23. Rxd7 Kxd7 24. e6+ Ke7 25. Bxg7 f6 26. Bxh6 Rxb2 27. Be3
Rc8 28. Re1 c4 29. Nh4 c3 30. Bc1 Ke8 31. Nxg6 Rd8 32. Kf1 Rb4 33. Ne7 Rb5 34.
Ng8 c2 35. Nxf6+ Ke7 36. Nd7 Ra8 37. h4 Ra1 38. Ke2 Kxe6 39. Nf8+ Kf7 40. Kd3
Rd5+ 41. Kxc2 Ra2+ 42. Kc3 Rxf2 43. Ne6 Rxg2 44. Ng5+ Kg6 45. Rh1 Rc5+ 46. Kd3
Rg3+ 47. Be3 Ra5 48. h5+ Kf5 49. Ne4 Ra3+ 50. Nc3 1/2-1/2

[Event "70th ch-RUS 2017"]
[Site "St Petersburg RUS"]
[Date "2017.12.11"]
[Round "8.6"]
[White "Malakhov, Vladimir"]
[Black "Vitiugov, Nikita"]
[Result "1/2-1/2"]
[WhiteTitle "GM"]
[BlackTitle "GM"]
[WhiteElo "2686"]
[BlackElo "2722"]
[WhiteFideId "4120787"]
[BlackFideId "4152956"]
[EventDate "2017.12.03"]

1. Nf3 d5 2. g3 g6 3. Bg2 Bg7 4. d4 Nf6 5. O-O O-O 6. c3 Nbd7 7. Bf4 c6 8. Qc1
Re8 9. c4 dxc4 10. Qxc4 Nb6 11. Qc1 Bg4 12. Rd1 Qc8 13. Nc3 Nfd5 14. Bh6 Nxc3
15. bxc3 Nc4 16. Re1 e5 17. Bxg7 Kxg7 18. Nd2 Nxd2 19. Qxd2 Bh3 20. e4 Bxg2 21.
Kxg2 Qc7 22. c4 exd4 23. Qxd4+ Qe5 24. Rad1 Qxd4 25. Rxd4 Rad8 26. Red1 Rxd4 27.
Rxd4 c5 28. Rd7 Rxe4 29. Rxb7 Rxc4 30. Rxa7 Rc2 31. a4 c4 32. a5 c3 33. Rc7 Ra2
34. Rxc3 Rxa5 1/2-1/2

[Event "70th ch-RUS 2017"]
[Site "St Petersburg RUS"]
[Date "2017.12.12"]
[Round "9.1"]
[White "Vitiugov, Nikita"]
[Black "Inarkiev, Ernesto"]
[Result "1/2-1/2"]
[WhiteTitle "GM"]
[BlackTitle "GM"]
[WhiteElo "2722"]
[BlackElo "2689"]
[WhiteFideId "4152956"]
[BlackFideId "4162722"]
[EventDate "2017.12.03"]

1. d4 Nf6 2. c4 e6 3. Nf3 d5 4. Nc3 Bb4 5. Qb3 c5 6. dxc5 Na6 7. a3 Bxc3+ 8.
Qxc3 Nxc5 9. cxd5 Qxd5 10. Be3 Nce4 11. Qe5 Qxe5 12. Nxe5 Nd5 13. Bc1 Bd7 14. f3
Nc5 15. e4 Nb3 16. Rb1 Nb6 17. Be3 Rc8 18. g4 Ba4 19. g5 Ke7 20. Rg1 Rhd8 21.
Rg4 Nd7 22. Nxd7 Rxd7 23. Rh4 Rc2 24. Rxh7 Nd2 25. Bxd2 Rdxd2 26. Rxg7 Rf2 27.
Bd3 Rcd2 28. b3 Be8 29. Rh7 Ra2 30. Ra1 Rab2 31. Rb1 Ra2 32. Ra1 Rab2 33. Rb1
Ra2 1/2-1/2

[Event "70th ch-RUS 2017"]
[Site "St Petersburg RUS"]
[Date "2017.12.12"]
[Round "9.2"]
[White "Dubov, Daniil"]
[Black "Malakhov, Vladimir"]
[Result "0-1"]
[WhiteTitle "GM"]
[BlackTitle "GM"]
[WhiteElo "2683"]
[BlackElo "2686"]
[WhiteFideId "24126055"]
[BlackFideId "4120787"]
[EventDate "2017.12.03"]

1. d4 d5 2. c4 c6 3. Nf3 Nf6 4. Nc3 a6 5. Qc2 dxc4 6. e4 b5 7. b3 cxb3 8. axb3
Bg4 9. Bxb5 Bxf3 10. gxf3 e6 11. Bc4 Qxd4 12. Bb2 Bb4 13. Rg1 O-O 14. Kf1 Qd8
15. Rd1 Nbd7 16. Ne2 Kh8 17. Nd4 Qc8 18. Nxe6 fxe6 19. Bxe6 Ra7 20. Qc4 a5 21.
Bf5 Qe8 22. f4 Nc5 23. f3 Qf7 24. Qe2 Qxb3 25. Bd4 Re7 26. Kg2 Ne6 27. Be5 Nd7 0-1

[Event "70th ch-RUS 2017"]
[Site "St Petersburg RUS"]
[Date "2017.12.12"]
[Round "9.3"]
[White "Volkov, Sergey"]
[Black "Fedoseev, Vladimir3"]
[Result "0-1"]
[WhiteTitle "GM"]
[BlackTitle "GM"]
[WhiteElo "2645"]
[BlackElo "2718"]
[WhiteFideId "4122763"]
[BlackFideId "24130737"]
[EventDate "2017.12.03"]

1. d4 Nf6 2. c4 e6 3. Nf3 d5 4. Nc3 c5 5. cxd5 Nxd5 6. e4 Nxc3 7. bxc3 cxd4 8.
cxd4 Bb4+ 9. Bd2 Bxd2+ 10. Qxd2 O-O 11. Rc1 b6 12. Bd3 Bb7 13. O-O Nd7 14. Qe3
h6 15. h3 Nf6 16. Ne5 Qe7 17. Nc6 Bxc6 18. Rxc6 Rac8 19. Rfc1 Rxc6 20. Rxc6 Re8
21. Qc1 Rd8 22. Rc7 Qd6 23. Rc4 Nd7 24. Be2 e5 25. Rc8 Rf8 26. d5 Nc5 27. Rc6
Qb8 28. Qc4 Rc8 29. Bg4 Rxc6 30. dxc6 Kf8 31. Bd1 Ke7 32. Bb3 Ne6 33. Qa6 Qc7
34. Bd5 Nc5 35. Qe2 Kd8 36. Qd1 Qd6 37. Qh5 Qf6 38. Bxf7 Nxe4 39. Qd1+ Qd6 40.
Qc2 Nf6 41. Qa4 a5 42. Bc4 Kc7 43. Qc2 Qxc6 44. a4 Qc5 45. Qe2 Kd6 46. Bb5 Qc1+
47. Kh2 e4 48. g3 Qc3 49. Qd1+ Nd5 50. Qg4 Qf3 51. Qd7+ Kc5 52. Qc6+ Kd4 53. Qc2
Ke5 54. Qb2+ Qc3 55. Qe2 Qd4 56. Kg2 Kd6 57. Qg4 Kc5 58. Qc8+ Kb4 59. Qc2 e3 60.
Qb1+ Ka3 61. fxe3 Qd2+ 62. Kf3 Qxe3+ 63. Kg2 Nc3 64. Qa1+ Kb3 65. Qf1 Qd2+ 66.
Kf3 Qd5+ 67. Ke3 Qg5+ 68. Kd4 Qf6+ 69. Qxf6 Nxb5+ 0-1

[Event "70th ch-RUS 2017"]
[Site "St Petersburg RUS"]
[Date "2017.12.12"]
[Round "9.4"]
[White "Svidler, Peter"]
[Black "Matlakov, Maxim"]
[Result "1/2-1/2"]
[WhiteTitle "GM"]
[BlackTitle "GM"]
[WhiteElo "2765"]
[BlackElo "2735"]
[WhiteFideId "4102142"]
[BlackFideId "4168003"]
[EventDate "2017.12.03"]

1. c4 e5 2. Nc3 Nf6 3. g3 d5 4. cxd5 Nxd5 5. Bg2 Nb6 6. Nf3 Nc6 7. O-O Be7 8. a3
O-O 9. b4 Be6 10. Rb1 f6 11. d3 Nd4 12. Bb2 Nxf3+ 13. Bxf3 c6 14. Ne4 Bd5 15.
Bc3 Rf7 16. Bh5 Rf8 17. Bf3 Rf7 18. Bh5 Rf8 19. Bf3 1/2-1/2

[Event "70th ch-RUS 2017"]
[Site "St Petersburg RUS"]
[Date "2017.12.12"]
[Round "9.5"]
[White "Romanov, Evgeny"]
[Black "Sjugirov, Sanan"]
[Result "0-1"]
[WhiteTitle "GM"]
[BlackTitle "GM"]
[WhiteElo "2626"]
[BlackElo "2650"]
[WhiteFideId "4148843"]
[BlackFideId "4189302"]
[EventDate "2017.12.03"]

1. c4 e5 2. Nc3 d6 3. g3 f5 4. Bg2 Nf6 5. d3 Be7 6. e4 fxe4 7. dxe4 O-O 8. Nge2
c6 9. O-O Be6 10. b3 a6 11. a4 a5 12. h3 Na6 13. Be3 Qd7 14. Kh2 Qe8 15. Ra2 Nb4
16. Rd2 Qh5 17. f3 Qf7 18. f4 Qh5 19. Bg1 Bg4 20. Qe1 h6 21. Nc1 g5 22. Be3 Bxh3
23. Bxh3 g4 24. fxe5 Qxh3+ 25. Kg1 Nh5 26. Rxf8+ Rxf8 27. Rh2 Qxg3+ 28. Qxg3
Nxg3 29. Rxh6 Rf3 30. Bd4 Nc2 31. N1e2 dxe5 32. Bxe5 Bc5+ 33. Kh2 Nxe2 34. Nxe2
Rf2+ 35. Kg3 Rxe2 36. Kxg4 Kf7 37. Bf4 Rxe4 0-1

[Event "70th ch-RUS 2017"]
[Site "St Petersburg RUS"]
[Date "2017.12.12"]
[Round "9.6"]
[White "Riazantsev, Alexander"]
[Black "Tomashevsky, Evgeny"]
[Result "1/2-1/2"]
[WhiteTitle "GM"]
[BlackTitle "GM"]
[WhiteElo "2650"]
[BlackElo "2713"]
[WhiteFideId "4125029"]
[BlackFideId "4147235"]
[EventDate "2017.12.03"]

1. Nf3 d5 2. g3 c5 3. Bg2 Nf6 4. O-O g6 5. d4 cxd4 6. Nxd4 Bg7 7. c4 O-O 8. cxd5
Nxd5 9. Nc3 Nxc3 10. bxc3 Nc6 11. Nxc6 bxc6 12. Bxc6 Bh3 13. Qxd8 Raxd8 14. Bg2
Bxc3 15. Rb1 Bxg2 16. Kxg2 Rd7 17. Rb3 Rc8 18. Be3 Be5 19. Rc1 Rxc1 20. Bxc1 f5
21. Be3 a6 22. Rb6 Rd6 23. Rb7 Kf7 24. Ra7 Rc6 25. a4 Bc7 26. h4 h5 27. Kf3 Ke6
28. Bf4 Ba5 29. Bg5 Bb4 30. a5 Bxa5 31. Rxe7+ Kd5 32. e4+ fxe4+ 33. Rxe4 Bc3 34.
g4 a5 35. gxh5 gxh5 36. Rf4 Ra6 37. Rf5+ Kc4 38. Bc1 Rf6 39. Ke4 Re6+ 40. Kf4
Re1 41. Ba3 Bb4 42. Rxh5 Bxa3 43. Rxa5 Bc5 44. h5 Bxf2 45. Kf5 Rh1 46. Kg6 Be3
47. Ra3 Rg1+ 48. Kf7 Bh6 49. Ra5 Kd4 50. Rf5 Rg7+ 51. Kf6 Ke4 52. Re5+ Kf4 53.
Ra5 Rg8 54. Kf7 Rb8 55. Ra4+ Kf5 56. Ra5+ Kg4 57. Ke6 Bf4 58. Rc5 Rb6+ 59. Kd5
Kxh5 60. Rc6 Rb1 61. Ke4 Kg5 62. Re6 Rd1 63. Rc6 Re1+ 64. Kd4 Kf5 65. Rc5+ Be5+
66. Kd3 Rh1 67. Rc8 Rh3+ 68. Ke2 Ke4 69. Re8 Rh2+ 70. Ke1 Kd4 71. Kf1 Ra2 72.
Re7 Bf4 73. Re2 Ra3 74. Re8 Be3 75. Ke2 Ra2+ 76. Kf3 Rf2+ 77. Kg4 Rf4+ 78. Kh5
Rf6 79. Kg4 Kd3 80. Ra8 Rf4+ 81. Kh5 Ke4 82. Ra4+ Bd4 83. Kg5 Kf3 84. Ra3+ Be3
85. Kg6 Rb4 86. Kf5 Rb5+ 87. Ke6 Ke4 88. Ra1 Rb6+ 89. Kd7 Bf4 90. Re1+ Kd5 91.
Rd1+ Kc5 92. Rd3 Be5 93. Rd1 Bd4 94. Rc1+ Kd5 95. Rd1 Rb7+ 96. Kd8 Ke5 97. Kc8
Rh7 98. Rd2 Bc5 99. Rd7 Rh1 100. Rd2 Bb4 101. Rd3 1/2-1/2

[Event "70th ch-RUS 2017"]
[Site "St Petersburg RUS"]
[Date "2017.12.13"]
[Round "10.1"]
[White "Inarkiev, Ernesto"]
[Black "Tomashevsky, Evgeny"]
[Result "1/2-1/2"]
[WhiteTitle "GM"]
[BlackTitle "GM"]
[WhiteElo "2689"]
[BlackElo "2713"]
[WhiteFideId "4162722"]
[BlackFideId "4147235"]
[EventDate "2017.12.03"]

1. e4 e5 2. Nf3 Nc6 3. Bb5 a6 4. Ba4 Nf6 5. O-O Be7 6. Re1 b5 7. Bb3 O-O 8. d4
d6 9. c3 Bg4 10. Be3 exd4 11. cxd4 Na5 12. Bc2 c5 13. h3 Bh5 14. g4 Bg6 15. Nbd2
Rc8 16. d5 Nd7 17. Nh2 Bf6 18. Rb1 Re8 19. f4 h6 20. Bf2 Bh4 21. Bxh4 Qxh4 22.
Kg2 Qd8 23. b3 Bh7 24. Ndf3 b4 25. Qd2 c4 26. f5 cxb3 27. axb3 Qb6 28. Nd4 Rc3
29. Re3 Rxe3 30. Qxe3 Nf6 31. Qd2 Nxe4 32. Bxe4 Rxe4 33. Nhf3 Nb7 34. Re1 Nc5
35. Nc6 a5 36. Nfd4 Kh8 37. Kf3 Qa6 38. Rxe4 Qf1+ 39. Ke3 Qxh3+ 40. Nf3 Nxe4 41.
Kxe4 Qxg4+ 42. Qf4 Bxf5+ 43. Ke3 Qxf4+ 44. Kxf4 Bc2 45. Nfd4 g5+ 46. Ke3 a4 47.
bxa4 Bxa4 48. Nxb4 Kg7 49. Nf5+ Kg6 50. Nxd6 Bb3 51. Ke4 f5+ 52. Nxf5 Bxd5+ 53.
Nxd5 h5 54. Nde3 Kf7 55. Ke5 g4 56. Nh4 Ke7 57. Nef5+ Kd7 58. Kd5 Kc7 59. Kc5
Kd7 60. Nd4 Ke7 61. Kd5 Kf6 62. Ne6 Ke7 63. Nf4 Kd7 64. Nfg6 Kc7 65. Ne5 Kb7 66.
Nc6 Kc7 67. Ne5 Kb7 68. Kd6 Kb6 69. Nc6 Kb5 70. Kd5 Kb6 71. Nd4 Kc7 72. Ke6 Kb6
73. Kd6 Kb7 74. Nb5 Kb6 75. Nc3 Kb7 76. Nd5 Ka6 77. Kc5 Ka5 78. Nb6 Ka6 79. Nc4
Kb7 80. Kd6 Kc8 81. Ne5 Kb7 82. Nd7 Ka6 83. Kc5 Kb7 84. Ne5 Kc7 85. Nc6 Kd7 86.
Kd5 Kc7 87. Ne5 Kb7 88. Kc4 Kc7 89. Kc5 Kb7 90. Nc4 Kc7 91. Nb6 Kd8 92. Nd5 Kd7
93. Nf4 Kc7 94. Ne6+ Kd7 95. Kd5 Ke7 96. Nf4 Kf6 97. Nfg2 Kf7 98. Nf5 h4 99.
Nfxh4 g3 100. Nf5 Kf6 101. Nd4 Ke7 102. Kc6 Kd8 103. Nf5 Kc8 104. Ne7+ Kb8 105.
Nd5 Ka7 106. Nc7 Kb8 107. Kb6 Kc8 108. Na6 Kd7 109. Kc5 Ke6 110. Kc6 Ke5 111.
Nc5 Kd4 112. Ne6+ Kc4 113. Nef4 Kb4 114. Kb6 Kc4 115. Ne3+ Kd4 116. Nfg2 Ke5
117. Kc6 Ke6 118. Nd5 Ke5 119. Ndf4 Ke4 120. Kb5 Kd4 121. Kc6 Ke4 122. Kb5 Kd4
123. Kb4 Ke4 124. Kc4 Ke5 125. Kc5 Ke4 126. Kd6 Kd4 127. Ne6+ Ke4 128. Ng5+ Kf5
129. Nh3 Ke4 130. Kc5 Kf3 131. Nhf4 Ke4 132. Kd6 Kd4 133. Ne6+ Ke4 134. Ng5+ Kf5
135. Nf3 Ke4 136. Ne5 Kd4 137. Nf3+ Ke4 138. Ne5 Kd4 139. Nf3+ 1/2-1/2

[Event "70th ch-RUS 2017"]
[Site "St Petersburg RUS"]
[Date "2017.12.13"]
[Round "10.2"]
[White "Sjugirov, Sanan"]
[Black "Riazantsev, Alexander"]
[Result "0-1"]
[WhiteTitle "GM"]
[BlackTitle "GM"]
[WhiteElo "2650"]
[BlackElo "2650"]
[WhiteFideId "4189302"]
[BlackFideId "4125029"]
[EventDate "2017.12.03"]

1. c4 e6 2. Nc3 d5 3. d4 Nf6 4. cxd5 Nxd5 5. e4 Nxc3 6. bxc3 c5 7. Rb1 Be7 8.
Bb5+ Bd7 9. Nf3 O-O 10. O-O Nc6 11. Bf4 a6 12. Bd3 cxd4 13. cxd4 Nb4 14. Be2 Rc8
15. Rb2 Bc6 16. a3 f5 17. d5 fxe4 18. dxc6 Nxc6 19. Rd2 Qe8 20. Ng5 Rxf4 21.
Nxe6 Rf6 22. Bh5 g6 23. Bg4 Ne5 24. Bh3 Rc3 25. Rd5 Nd3 26. Rd4 Qc6 27. Qe2 Rc2
28. Qxe4 Qxe4 29. Rxe4 Nxf2 30. Nd4 Nxe4 31. Rxf6 Bc5 0-1

[Event "70th ch-RUS 2017"]
[Site "St Petersburg RUS"]
[Date "2017.12.13"]
[Round "10.3"]
[White "Matlakov, Maxim"]
[Black "Romanov, Evgeny"]
[Result "1/2-1/2"]
[WhiteTitle "GM"]
[BlackTitle "GM"]
[WhiteElo "2735"]
[BlackElo "2626"]
[WhiteFideId "4168003"]
[BlackFideId "4148843"]
[EventDate "2017.12.03"]

1. d4 d5 2. c4 dxc4 3. Nf3 Nf6 4. e3 b5 5. a4 b4 6. Bxc4 e6 7. a5 a6 8. O-O Be7
9. Nbd2 Bb7 10. Re1 c5 11. e4 cxd4 12. e5 Nfd7 13. Nxd4 Nc5 14. Qg4 g6 15. N2b3
Bd5 16. Bxd5 Qxd5 17. Nxc5 Bxc5 18. Nf3 h5 19. Qf4 Nd7 20. Be3 Be7 21. Rad1 Qb5
22. Rd4 O-O 23. Red1 Rfd8 24. h3 Nf8 25. Ng5 Bxg5 26. Qxg5 Rxd4 27. Rxd4 Qxa5
28. Qf6 Nh7 29. Qf4 Qa1+ 30. Kh2 Qxb2 31. Rd7 Rf8 32. Bc5 g5 33. Qe4 b3 34. Bxf8
Nxf8 35. Rd8 Qxf2 36. Qb4 Qf4+ 37. Qxf4 gxf4 38. Rb8 Kg7 39. Rxb3 h4 40. Kg1 Ng6
41. Rb4 Kh6 42. Ra4 Kg5 43. Kf2 Nxe5 44. Rxa6 Ng6 45. Kf3 e5 46. Rb6 Kf5 47. Ra6
f6 48. Ra8 e4+ 49. Kf2 Ne5 50. Rh8 Kg5 51. Rg8+ Ng6 52. Re8 Kf5 53. Rg8 Ne5 54.
Rh8 Kg5 1/2-1/2

[Event "70th ch-RUS 2017"]
[Site "St Petersburg RUS"]
[Date "2017.12.13"]
[Round "10.4"]
[White "Fedoseev, Vladimir3"]
[Black "Svidler, Peter"]
[Result "0-1"]
[WhiteTitle "GM"]
[BlackTitle "GM"]
[WhiteElo "2718"]
[BlackElo "2765"]
[WhiteFideId "24130737"]
[BlackFideId "4102142"]
[EventDate "2017.12.03"]

1. d4 Nf6 2. c4 g6 3. g3 c5 4. Nf3 Bg7 5. Bg2 cxd4 6. Nxd4 O-O 7. Nc3 Nc6 8. O-O
Qa5 9. Nb3 Qh5 10. c5 a5 11. e3 a4 12. Nd4 Qxc5 13. Nxa4 Qa5 14. b3 e5 15. Bd2
Qa6 16. Nc5 Qa7 17. Nxc6 dxc6 18. Qc2 Rd8 19. b4 b6 20. Ne4 Bf5 21. Nxf6+ Bxf6
22. e4 Qa4 23. Rfc1 Be6 24. h4 h5 25. Qc3 c5 26. bxc5 bxc5 27. Bg5 Bxg5 28. hxg5
Qd4 29. Qxc5 Rxa2 30. Rxa2 Bxa2 31. Bf3 Qxc5 32. Rxc5 Re8 33. Bd1 Re7 34. Bc2
Kg7 35. f4 f6 36. Rc6 fxg5 37. f5 gxf5 38. exf5 Kf8 39. Rh6 Rc7 40. Be4 Rc4 41.
Bg2 e4 42. Rf6+ Kg7 43. Rg6+ Kf7 44. Rxg5 Rc1+ 45. Kf2 Rc2+ 46. Kg1 Rc1+ 47. Kf2
Rc2+ 48. Kg1 e3 49. Bf3 Rc1+ 50. Kg2 Rc2+ 51. Kg1 Rf2 52. Bxh5+ Kf6 53. Rg4 Rc2
54. Rd4 Bc4 55. Rd1 Kg5 56. Bf3 Rf2 57. Bg2 e2 58. Re1 Rxf5 59. Bh3 Rf3 60. Bg2
Rf8 61. Bh3 Bd3 62. Ra1 Bc4 63. Ra5+ Kf6 64. Ra1 Ke5 65. g4 Kd4 66. g5 Kc3 67.
Kh2 Kd2 68. Kg3 e1=Q+ 69. Rxe1 Kxe1 70. Bg4 Bd3 0-1

[Event "70th ch-RUS 2017"]
[Site "St Petersburg RUS"]
[Date "2017.12.13"]
[Round "10.5"]
[White "Malakhov, Vladimir"]
[Black "Volkov, Sergey"]
[Result "1-0"]
[WhiteTitle "GM"]
[BlackTitle "GM"]
[WhiteElo "2686"]
[BlackElo "2645"]
[WhiteFideId "4120787"]
[BlackFideId "4122763"]
[EventDate "2017.12.03"]

1. Nf3 d5 2. e3 Nf6 3. c4 c6 4. Nc3 a6 5. h3 g6 6. d4 Bg7 7. Bd3 b5 8. b3 Bf5 9.
Bxf5 gxf5 10. Qc2 Ne4 11. O-O O-O 12. a4 bxc4 13. bxc4 e6 14. Ba3 Re8 15. Ne5 c5
16. cxd5 cxd4 17. Nxe4 d3 18. Nxd3 fxe4 19. Nf4 Bxa1 20. dxe6 Bf6 21. exf7+ Kxf7
22. Qb3+ Kg7 23. Qb7+ Qd7 24. Qxa8 Qxa4 25. Qb7+ Kg8 26. Qd5+ Kh8 27. Bd6 Nd7
28. Rb1 Ne5 29. Bxe5 Bxe5 30. Ne6 Bb2 31. Qb7 Be5 32. Ng5 Bg7 33. Qd5 h6 34.
Nf7+ Kh7 35. Qf5+ Kg8 36. Qg6 Qd7 37. Nd6 Rf8 38. Rb7 1-0

[Event "70th ch-RUS 2017"]
[Site "St Petersburg RUS"]
[Date "2017.12.13"]
[Round "10.6"]
[White "Vitiugov, Nikita"]
[Black "Dubov, Daniil"]
[Result "1/2-1/2"]
[WhiteTitle "GM"]
[BlackTitle "GM"]
[WhiteElo "2722"]
[BlackElo "2683"]
[WhiteFideId "4152956"]
[BlackFideId "24126055"]
[EventDate "2017.12.03"]

1. e4 g6 2. d4 Bg7 3. Nc3 d6 4. Nf3 Nf6 5. Bc4 O-O 6. O-O Nxe4 7. Nxe4 d5 8. Bd3
dxe4 9. Bxe4 Nd7 10. c3 c5 11. Bc2 cxd4 12. Nxd4 Ne5 13. Qe2 Bg4 14. Qe4 Qc8 15.
Bb3 e6 16. Bf4 Bf5 17. Qe3 Nc4 18. Qe2 Na5 19. Nxf5 gxf5 20. Rfd1 Nxb3 21. axb3
e5 22. Be3 b6 23. f4 Qe6 24. Qc4 Qg6 25. fxe5 Bxe5 26. Bf4 Rfe8 27. Rf1 Bxf4 28.
Qxf4 Re2 29. Rf2 Rae8 30. Raf1 Rxf2 31. Qxf2 Re4 32. Qxf5 Qxf5 33. Rxf5 Re2 34.
Rf2 Re1+ 35. Rf1 Re2 36. Rf2 Re1+ 37. Rf1 Re2 38. b4 Rxb2 39. Ra1 Rb3 40. Rxa7
Rxc3 41. Rb7 Rc1+ 42. Kf2 Rc2+ 43. Kf3 1/2-1/2

[Event "70th ch-RUS 2017"]
[Site "St Petersburg RUS"]
[Date "2017.12.14"]
[Round "11.1"]
[White "Dubov, Daniil"]
[Black "Inarkiev, Ernesto"]
[Result "1-0"]
[WhiteTitle "GM"]
[BlackTitle "GM"]
[WhiteElo "2683"]
[BlackElo "2689"]
[WhiteFideId "24126055"]
[BlackFideId "4162722"]
[EventDate "2017.12.03"]

1. d4 Nf6 2. c4 e6 3. Nf3 d5 4. g3 dxc4 5. Bg2 c5 6. O-O Nc6 7. Qa4 Bd7 8. Qxc4
b5 9. Qd3 c4 10. Qd1 Rc8 11. Ne5 Nxe5 12. dxe5 Ng4 13. a4 bxa4 14. Bf4 Qa5 15.
Nc3 Nxe5 16. Nxa4 f6 17. Nc3 Qb6 18. Bxe5 fxe5 19. e3 g6 20. Qg4 Be7 21. Rfd1
Rc7 22. Rd2 O-O 23. Rad1 Be8 24. h4 Kg7 25. h5 Rf5 26. hxg6 hxg6 27. Be4 Rg5 28.
Qf3 Rh5 29. Kg2 a5 30. g4 Rh8 31. Qg3 Qc5 32. Nd5 exd5 33. Rxd5 Qb6 34. g5 Rh5
35. Qxe5+ Kh7 36. f4 c3 37. bxc3 Qb2+ 38. R5d2 Qxc3 39. Qe6 Qg7 40. Bf3 Rh4 41.
Kg3 Rh5 42. Bxh5 gxh5 43. Qf5+ Bg6 44. Qxa5 Rc3 45. Kf2 Rc5 46. Qa7 Rc6 47. Rd7
Re6 48. Qa2 Re4 49. R1d5 Qf7 50. Qd2 Kg8 51. Ra5 Qe6 52. Ra8+ Kf7 53. Raa7 Qb3
54. Rdb7 Qc4 55. Rc7 Qb3 56. Rab7 Qa3 57. Qd5+ Kg7 58. Rxe7+ Rxe7 59. Qe5+ Kf8
60. Qh8+ 1-0

[Event "70th ch-RUS 2017"]
[Site "St Petersburg RUS"]
[Date "2017.12.14"]
[Round "11.2"]
[White "Volkov, Sergey"]
[Black "Vitiugov, Nikita"]
[Result "0-1"]
[WhiteTitle "GM"]
[BlackTitle "GM"]
[WhiteElo "2645"]
[BlackElo "2722"]
[WhiteFideId "4122763"]
[BlackFideId "4152956"]
[EventDate "2017.12.03"]

1. d4 Nf6 2. c4 e6 3. Nc3 Bb4 4. f3 d5 5. a3 Be7 6. e4 dxe4 7. fxe4 c5 8. d5
exd5 9. exd5 O-O 10. Bf4 Re8 11. Be2 Bg4 12. Qd2 Nh5 13. Be3 Bd6 14. O-O-O Rxe3
15. Bxg4 Rxc3+ 16. Qxc3 Qg5+ 17. Kb1 Qxg4 18. Nf3 Nd7 19. g3 a6 20. Rhe1 Nhf6
21. Nd2 b5 22. a4 bxa4 23. Qa5 Rb8 24. Ka2 Be5 25. Rb1 Qd4 26. Qc3 Nxd5 27. cxd5
Qxd5+ 28. Qc4 Qxd2 29. Red1 Rxb2+ 30. Ka3 Qb4+ 31. Qxb4 cxb4+ 32. Kxa4 Nc5+ 0-1

[Event "70th ch-RUS 2017"]
[Site "St Petersburg RUS"]
[Date "2017.12.14"]
[Round "11.3"]
[White "Svidler, Peter"]
[Black "Malakhov, Vladimir"]
[Result "1-0"]
[WhiteTitle "GM"]
[BlackTitle "GM"]
[WhiteElo "2765"]
[BlackElo "2686"]
[WhiteFideId "4102142"]
[BlackFideId "4120787"]
[EventDate "2017.12.03"]

1. e4 e5 2. Nf3 Nc6 3. Bb5 Nf6 4. Nc3 Bb4 5. O-O O-O 6. d3 Bxc3 7. bxc3 d6 8.
Bg5 Bd7 9. Rb1 a6 10. Ba4 Rb8 11. Bb3 h6 12. Bh4 b5 13. h3 Re8 14. Qc1 Na5 15.
Re1 Nxb3 16. cxb3 Bc6 17. c4 bxc4 18. Qxc4 Bb5 19. Bxf6 Qxf6 20. Qxc7 Rec8 21.
Qa7 Bxd3 22. Rbd1 Bb5 23. a4 Ra8 24. Qb6 Bc6 25. Rc1 Bd7 26. Rxc8+ Bxc8 27. Qc6
Rb8 28. Qc7 Ra8 29. Qc6 Rb8 30. Qc7 Ra8 31. Re3 Qg6 32. Nd2 Qe6 33. Qd8+ Kh7 34.
Rd3 Bb7 35. Qc7 Qc8 36. Qxf7 Qc6 37. Nc4 Qxe4 38. Rg3 Rg8 39. Nxd6 Qb1+ 40. Kh2
Be4 41. Ne8 1-0

[Event "70th ch-RUS 2017"]
[Site "St Petersburg RUS"]
[Date "2017.12.14"]
[Round "11.4"]
[White "Romanov, Evgeny"]
[Black "Fedoseev, Vladimir3"]
[Result "1/2-1/2"]
[WhiteTitle "GM"]
[BlackTitle "GM"]
[WhiteElo "2626"]
[BlackElo "2718"]
[WhiteFideId "4148843"]
[BlackFideId "24130737"]
[EventDate "2017.12.03"]

1. c4 f5 2. d4 Nf6 3. g3 g6 4. Bg2 Bg7 5. Nc3 d6 6. Nf3 O-O 7. O-O c6 8. b3 Na6
9. Bb2 Qc7 10. d5 e5 11. dxe6 Bxe6 12. Nd4 Bd7 13. Qc2 f4 14. Rad1 fxg3 15. hxg3
Rae8 16. Nf3 Nc5 17. b4 Bf5 18. Qd2 Nce4 19. Nxe4 Nxe4 20. Qc1 c5 21. b5 g5 22.
Nd2 Nf6 23. Rde1 g4 24. Nb1 Be6 25. Rd1 Rd8 26. Bxf6 Bxf6 27. Bd5 Bxd5 28. Rxd5
Rde8 29. Nc3 Qf7 30. Qc2 Kh8 31. Qd3 Be5 32. Ne4 Qh5 33. f4 gxf3 34. Rxf3 Rxf3
35. exf3 Qg6 36. Kg2 h5 37. f4 Bxf4 38. Nxd6 Qxd3 39. Rxd3 Bxd6 40. Rxd6 Re2+ 1/2-1/2

[Event "70th ch-RUS 2017"]
[Site "St Petersburg RUS"]
[Date "2017.12.14"]
[Round "11.5"]
[White "Riazantsev, Alexander"]
[Black "Matlakov, Maxim"]
[Result "1/2-1/2"]
[WhiteTitle "GM"]
[BlackTitle "GM"]
[WhiteElo "2650"]
[BlackElo "2735"]
[WhiteFideId "4125029"]
[BlackFideId "4168003"]
[EventDate "2017.12.03"]

1. Nf3 d5 2. g3 g6 3. Bg2 Bg7 4. d4 Nf6 5. O-O O-O 6. Nbd2 a5 7. a4 Nc6 8. Nb3
Re8 9. Bf4 Nh5 10. Be3 Bg4 11. c3 Bxf3 12. exf3 Nf6 13. f4 e6 14. Nc5 b6 15. Nd3
Ne7 16. g4 Qd6 17. f3 Rec8 18. Re1 c5 19. Bf1 cxd4 20. cxd4 Nc6 21. Qd2 Ne8 22.
Ne5 Nb4 23. Rac1 f6 24. Nd3 Nxd3 25. Bxd3 f5 26. Kg2 Kf7 27. b3 Bf8 28. Bf2 Qb4
29. Qe3 Qd6 30. Qd2 h5 31. h3 hxg4 32. fxg4 Nf6 33. Qe3 Ne4 34. Bxe4 dxe4 35.
Rc4 Rxc4 36. bxc4 Qb4 37. c5 bxc5 38. dxc5 Rc8 39. Rc1 Qxa4 40. Qc3 Qc6 41. Be3
a4 42. Rb1 Be7 43. g5 Qa6 44. Kf2 a3 45. Qe5 Rd8 46. Rb6 Qc8 47. c6 Rd5 48. Qa1
a2 49. Rb7 e5 50. Qxa2 Qxc6 51. Qa7 Qd6 52. Rb6 Qa3 53. Rf6+ Kg7 54. Qxa3 Bxa3
55. fxe5 Bb2 56. Re6 Kf7 57. Rf6+ Ke7 58. Rxg6 Bxe5 59. Ra6 Rb5 60. g6 Rb2+ 61.
Kf1 Rb1+ 62. Ke2 Rb2+ 63. Kf1 f4 64. Bxf4 Bxf4 65. Ra4 Rb1+ 66. Ke2 Rb2+ 67. Kf1
Kf6 68. Rxe4 Bh6 69. Rg4 Rh2 70. Rg3 Ra2 71. Rg4 Bg7 72. Rg2 Ra1+ 73. Ke2 Rh1
74. Kd3 Rxh3+ 75. Ke4 Bh6 76. g7 Bxg7 77. Ra2 Rh1 78. Ra6+ Kg5 79. Ra2 Re1+ 80.
Kd3 Be5 81. Re2 Rd1+ 82. Rd2 Ra1 83. Ke4 Re1+ 84. Kd3 Kf5 85. Ra2 Rd1+ 86. Ke2
Rh1 87. Ra8 Ke4 88. Re8 Rh2+ 89. Ke1 Ra2 90. Re7 Kf4 91. Kd1 Bd4 92. Re2 Ra1+
93. Kc2 Be3 94. Kd3 Rd1+ 95. Kc4 Ke4 96. Rh2 Rc1+ 97. Kb5 Bd4 98. Rh4+ Kd5 99.
Rh5+ Be5 100. Rg5 Rb1+ 101. Ka5 Kd6 102. Ka4 Rb8 103. Rh5 Kd5 104. Ka5 Re8 105.
Kb5 Rh8 106. Rxh8 Bxh8 1/2-1/2